000 00736nam a2200229 a 4500
001 BRCA_2161
005 20190320203708.0
008 851003s2007 mx-a---##b---f001-0bspa-#
020 _a9789708260091
041 _aspa
044 _amx
050 4 _aF1226.V3
_b.V45 2007
100 1 _aVelázquez, Gustavo G.
_96511
245 1 0 _aRetablos de Valle de Bravo
_cGustavo G. Velázquez.
260 _aMéxico
_bGobierno del Estado de México
_c2007
300 _a134 p.
_bil.
_c20 cm.
440 0 _aLecturas de cabecera de la Biblioteca Mexiquense del Bicentenario
_v1
_96512
651 4 _aValle de Bravo
_xHistoria
_zMéxico
_96513
651 4 _aMéxico
_xHistoria
_9614
651 4 _aMéxico
_xVida social y costumbres
_9769
942 _2lcc
_cB
999 _c1917
_d1917